| 000 | 00771nam a2200241Ia 4500 | ||
|---|---|---|---|
| 003 | OSt | ||
| 005 | 20220926013143.0 | ||
| 006 | a|||||r|||| 00| 0 | ||
| 007 | ta | ||
| 008 | 220923b |||||||| |||| 00| 0 eng d | ||
| 037 | _cGeneral Book | ||
| 040 |
_aRTL _cRTL _beng |
||
| 041 |
_2eng _aeng |
||
| 082 | _aX9(D5133).73.hN, L1 | ||
| 100 | _aChandler Alfred D | ||
| 245 | 0 | _aPierre S. Du Pont and the making of the modern Corporation | |
| 260 |
_aNew York _bHarper and Row U. S. A. _c1971 |
||
| 300 |
_axxii, 722p. Appendix p.605-13 _ccm. |
||
| 650 |
_aTransport Vehicle Industry _9252831 |
||
| 700 |
_a Salsbury Stephen _9317878 |
||
| 942 |
_hX9(D5133).73.hN, L1 _cGB _2CC |
||
| 999 |
_c625275 _d625275 |
||